Statistics for Pennsylvania Counties by Population

Click here to take the quiz!

General Stats

  • This quiz has been taken 248 times
  • The average score is 17 of 67

Answer Stats

PopulationCounty% Correct
1,567,442Philadelphia
98%
1,230,459Allegheny
85%
819,264Montgomery
71%
627,367Bucks
67%
563,894Delaware
65%
536,624Lancaster
58%
515,939Chester
51%
415,271Berks
47%
442,867York
47%
278,045Erie
42%
272,983Dauphin
40%
357,956Westmoreland
40%
360,685Lehigh
38%
318,449Luzerne
38%
211,917Lackawanna
36%
208,187Washington
35%
300,813Northampton
31%
160,580Centre
29%
168,871Beaver
27%
102,295Adams
25%
186,818Butler
25%
136,411Cambria
25%
246,338Cumberland
25%
166,397Monroe
25%
125,593Blair
24%
133,628Fayette
24%
153,638Franklin
24%
137,067Lebanon
24%
4,732Cameron
22%
114,234Mercer
22%
144,590Schuylkill
22%
7,410Forest
20%
86,966Indiana
20%
75,522Somerset
20%
6,328Sullivan
20%
30,872Elk
18%
116,048Lycoming
18%
63,960Carbon
16%
88,082Lawrence
16%
17,093Potter
16%
48,586Bedford
15%
66,672Columbia
15%
86,484Crawford
15%
14,629Fulton
15%
55,949Pike
15%
67,052Armstrong
13%
61,281Bradford
13%
80,994Clearfield
13%
39,441Clinton
13%
93,246Northumberland
13%
41,877Tioga
13%
53,119Venango
13%
40,396Warren
13%
27,800Wyoming
13%
24,737Juniata
11%
42,412McKean
11%
46,500Mifflin
11%
18,557Montour
11%
45,685Perry
11%
51,198Wayne
11%
37,519Greene
9%
44,430Huntington
9%
44,430Jefferson
9%
40,444Snyder
9%
41,666Susquehanna
9%
44,954Union
9%
39,498Clarion
7%

Score Distribution

Percentile by Number Answered

Percent of People with Each Score

Your Score History

You have not taken this quiz